[Event "Liptovsky Mikulas CupT U20"]
[Site "Liptovsky Mikulas"]
[Date "2017.06.23"]
[Round "4.4"]
[White "Cizek, Jan"]
[Black "Meszaros, Marta Mira"]
[Result "1-0"]
[WhiteElo "1100"]
[BlackElo "1184"]
[PlyCount "119"]
[EventDate "2017.06.21"]
[EventType "team-swiss"]
[EventRounds "8"]
[EventCountry "SVK"]
[SourceTitle "CBM 179 Extra"]
[Source "ChessBase"]
[SourceDate "2017.08.23"]
[SourceVersion "1"]
[SourceVersionDate "2017.08.23"]
[SourceQuality "1"]
[WhiteTeam "Svetla nad Sazavou"]
[BlackTeam "Budapest EAC"]
[WhiteTeamCountry "CZE"]
[BlackTeamCountry "HUN"]

1. e4 c5 2. Nf3 Nc6 3. d4 cxd4 4. Nxd4 g6 5. Be3 Bg7 6. Bc4 Nf6 7. Nc3 0-0 8. Bb3 d6 9. 0-0 Ng4 10. Nxc6 Nxe3 11. Nxd8 Nxd1 12. Nxd1 Rxd8 13. Rb1 Bd7 14. Ne3 Bc6 15. f3 Bd4 16. Kf2 Rac8 17. c3 Bxe3+ 18. Kxe3 Kg7 19. Rfd1 e6 20. Rd4 Rd7 21. Rbd1 Rcd8 22. Ba4 Bxa4 23. Rxa4 a6 24. Rad4 d5 25. c4 Kf6 26. cxd5 exd5 27. Rxd5 Rxd5 28. Rxd5 Rxd5 29. exd5 Ke5 30. g4 Kxd5 31. Kf4 h6 32. h4 b6 33. h5 gxh5 34. gxh5 Ke6 35. b3 b5 36. b4 Kf6 37. a3 Ke6 38. Ke4 f5+ 39. Kd4 Kd6 40. f4 Ke6 41. Kc5 Kf6 42. Kb6 Ke6 43. Kxa6 Kd5 44. Kxb5 Ke4 45. a4 Kxf4 46. a5 Kg3 47. a6 f4 48. a7 f3 49. a8Q f2 50. Qh1 Kf4 51. Kc5 Ke3 52. Qf1 Kf3 53. b5 Kg3 54. b6 Kh2 55. Qxf2+ Kh1 56. Qe2 Kg1 57. Kd4 Kh1 58. Ke3 Kg1 59. Kf3 Kh1 60. Qg2# 1-0

[Event "Liptovsky Mikulas CupT U20"]
[Site "Liptovsky Mikulas"]
[Date "2016.06.22"]
[Round "2.4"]
[White "Meszaros, Marta Mira"]
[Black "Korenova, Simona"]
[Result "0-1"]
[WhiteElo "1190"]
[BlackElo "1530"]
[PlyCount "138"]
[EventDate "2016.06.21"]
[EventType "team-swiss"]
[EventRounds "8"]
[EventCountry "SVK"]
[SourceTitle "CBM 173 Extra"]
[Source "ChessBase"]
[SourceDate "2016.08.29"]
[SourceVersion "1"]
[SourceVersionDate "2016.08.29"]
[SourceQuality "1"]
[WhiteTeam "Budapest EAC (U20)"]
[BlackTeam "Liptov Chess School (U20)"]
[WhiteTeamCountry "HUN"]
[BlackTeamCountry "SVK"]

1. e4 d5 2. d3 dxe4 3. dxe4 Qxd1+ 4. Kxd1 Nf6 5. Nc3 e6 6. Bd3 Bc5 7. Be3 Bxe3 8. fxe3 0-0 9. Nf3 b6 10. Ke2 Bb7 11. Rad1 Nbd7 12. Rhf1 Nc5 13. e5 Ng4 14. h3 Bxf3+ 15. gxf3 Nxe5 16. Be4 Nxe4 17. Nxe4 Rad8 18. b3 Nc6 19. a3 h6 20. Nc3 a6 21. h4 Ne7 22. h5 Nf5 23. Rg1 Rxd1 24. Nxd1 Rd8 25. c4 c5 26. Nc3 Ne7 27. Rb1 Nf5 28. Ne4 a5 29. a4 Ne7 30. Nc3 f5 31. Rg1 e5 32. Rg2 Kh7 33. Rg1 Ng8 34. Nd5 Rd6 35. Rg2 Nf6 36. Ne7 f4 37. Nf5 Rd7 38. e4 Nxh5 39. Rg1 g6 40. Nh4 Ng3+ 41. Ke1 Rd3 42. Rg2 h5 43. Kf2 Rxb3 44. Ke1 Rd3 45. Rf2 Rd4 46. Rc2 Kh6 47. Rb2 Rd6 48. Rb3 g5 49. Ng2 h4 50. Nxh4 gxh4 51. Rb2 Kg5 52. Rh2 Rd3 53. Kf2 Rd2+ 54. Kg1 Rxh2 55. Kxh2 Nf1+ 56. Kh3 Ne3 57. Kh2 Nxc4 58. Kg1 Ne3 59. Kf2 c4 60. Ke1 h3 61. Kd2 h2 62. Kc3 h1Q 63. Kb2 Qd1 64. Kc3 Qd3+ 65. Kb2 c3+ 66. Ka2 c2 67. Kb2 Nc4+ 68. Ka1 c1Q+ 69. Ka2 Qda3# 0-1